Southville International School and Colleges
Your cart is empty.
  • Cart
  • Lists
    Public lists Eva Luna New books Lux_list list_1
    Your lists Log in to create your own lists
  • Log in to your account
  • Your cookies
  • Search history
Southville International School and Colleges
  • Advanced search
  • Recent comments
  • Most popular
  • Libraries

Log in to your account

Log in with GOOGLE


If you do not have an external account, but do have a local account, you can still log in:

  1. Home
  2. MARC view: Creativity in Public Relations. /
Normal view MARC view ISBD view

Creativity in Public Relations. / (Record no. 22575)

[ view plain ]
MARC details
000 -LEADER
fixed length control field 00599nam a2200217 a 4500
005 - DATE AND TIME OF LATEST TRANSACTION
control field 20140310183416.0
008 - FIXED-LENGTH DATA ELEMENTS--GENERAL INFORMATION
fixed length control field 070920s19uu xx 00 eng d
020 ## - INTERNATIONAL STANDARD BOOK NUMBER
International Standard Book Number 749448237
050 ## - LIBRARY OF CONGRESS CALL NUMBER
Classification number HD 59
Item number .G683 2007
100 ## - MAIN ENTRY--PERSONAL NAME
Personal name Green, Andy
245 ## - TITLE STATEMENT
Title Creativity in Public Relations. /
Statement of responsibility, etc Andy Green
250 ## - EDITION STATEMENT
Edition statement 3rd ed.
260 ## - PUBLICATION, DISTRIBUTION, ETC. (IMPRINT)
Place of publication, distribution, etc London, United Kingdom :
Name of publisher, distributor, etc Kogan Page,
Date of publication, distribution, etc 2007.
300 ## - PHYSICAL DESCRIPTION
Extent 244 p. :
Other physical details ill. ;
Dimensions 24 cm.
521 ## - TARGET AUDIENCE NOTE
Target audience note
650 ## - SUBJECT ADDED ENTRY--TOPICAL TERM
Topical term or geographic name as entry element Public relations.
650 ## - SUBJECT ADDED ENTRY--TOPICAL TERM
Topical term or geographic name as entry element Creative thinking.
650 ## - SUBJECT ADDED ENTRY--TOPICAL TERM
Topical term or geographic name as entry element Creative ability in business.
942 ## - ADDED ENTRY ELEMENTS (KOHA)
Koha item type Books
Source of classification or shelving scheme Library of Congress Classification
Call number prefix Foreign
Holdings
Withdrawn status Lost status Source of classification or shelving scheme Damaged status Home library Current library Shelving location Date acquired Source of acquisition Cost, normal purchase price Total Checkouts Full call number Barcode Date last seen Copy number Price effective from Koha item type
    Library of Congress Classification   College Library College Library General Circulation Section 09/20/2007 Donation 2290.00   HD 59 .G683 2007 C8642 05/15/2018 1 10/18/2013 Books

Creativity in Public Relations. /

APA

Green A., . (2007). Creativity in Public Relations. London, United Kingdom: Kogan Page.

Chicago

Green Andy, . 2007. Creativity in Public Relations. London, United Kingdom: Kogan Page.

Harvard

Green A., . (2007). Creativity in Public Relations. London, United Kingdom: Kogan Page.

MLA

Green Andy, . Creativity in Public Relations. London, United Kingdom: Kogan Page. 2007.

  • Place hold
  • Print
  • Cite
  • Add to your cart (remove)
  • Save record
    BIBTEX Dublin Core MARCXML MARC (non-Unicode/MARC-8) MARC (Unicode/UTF-8) MARC (Unicode/UTF-8, Standard) MODS (XML) RIS
  • More searches
    Search for this title in:
    Other Libraries (WorldCat) Other Databases (Google Scholar) Online Stores (Bookfinder.com) Open Library (openlibrary.org)

Exporting to Dublin Core...

SOUTHVILLE LIBRARY

Southville International School and Colleges Library

1281 Tropical Ave. Cor. Luxembourg St., BF Homes International, Las Pinas City

Tel. No. 8256374 / 252358 Loc. 117/146

Powered by Koha